000 00652nam a2200241Ia 4500
003 OSt
005 20221007072011.0
006 a|||||r|||| 00| 0
007 ta
008 221006b |||||||| |||| 00| 0 eng d
020 _a0729101533
024 _a17,923
037 _cTextual
040 _aFLL
_cFLL
_beng
041 _2eng
_aeng
082 _aY15:45123:5.73.N7, L9
100 _aDobash R. Emerson
_9287155
245 0 _aViolence against wives
260 _aLondon
_bOpen Books England
_c1979
300 _a339p
_ccm.
942 _hY15:45123:5.73.N7, L9
_cTEXL
_2CC
999 _c1144922
_d1144922